000 00354nam a2200145Ia 4500
008 090124s9999 xx 000 0 und d
082 _b302825
245 _a मोतिया
250 _a1
260 _bखिरे जयश्री
_c1994
300 _a139
630 _a मोतिया
730 _a मोतिया
942 _cBOOK
999 _c192462
_d192462